000 02228cam a2200481 4500
001 19704
005 20230410120753.0
008 060907s2004 nyua eng
020 _a1586482793 (pbk.)
035 _9funglode19855
041 _aeng
050 1 4 _aHV 6432.7
_bN714 2004
082 0 0 _a973.931
245 0 4 _aThe 9/11 investigations :
_bstaff reports of the 9/11 Commission : excerpts from the House-Senate joint inquiry report on 9/11 : testimony from fourteen key witnesses, including Richard Clarke, George Tenet, and Condoleezza Rice /
_cedited by Steven Strasser ; with an introduction by Craig R. Whitney.
246 3 _aNine/eleven investigations
246 3 0 _aStaff reports of the 9/11 Commission
246 3 0 _aExcerpts from the House-Senate joint inquiry report on 9/11
246 3 0 _aHouse-Senate joint inquiry report on 9/11
260 _aNew York :
_bPublicAffairs,
_c2004
300 _axxxvi, 580 p. :
_bill. ;
_c21 cm.
440 0 _aPublicAffairs reports
650 0 _aSeptember 11 Terrorist Attacks, 2001.
650 0 _aTerrorism
_xGovernment policy
_zUnited States.
650 0 _aTerrorism
_zUnited States
_xPrevention.
650 0 _aIntelligence service
_zUnited States
_xEvaluation.
610 2 0 _aQaida (Organization)
610 2 0 _aNational Commission on Terrorist Attacks upon the United States.
650 0 _aNational security
_zUnited States.
650 0 _aWar on Terrorism, 2001-2009.
650 4 _aSeptiembre 11 Ataque terrorista, 2001
650 4 _aTerrorismo
_zEstados Unidos
650 4 _aTerrorismo
_xPrevención.
650 4 _aGuerra contra el terrorismo, 2001-2009
650 4 _aServicio de inteligencia
_zEstados Unidos.
650 4 _aSeguridad nacional
_zEstados Unidos.
610 2 4 _aAl Qaeda.
610 2 4 _aComisión Nacional sobre los ataques terroristas en los Estados Unidos.
700 1 _aStrasser, Steven
700 1 _aWhitney, Craig R.,
_d1943-
710 2 _aNational Commission on Terrorist Attacks upon the United States.
710 2 _aUnited States.
_bCongress.
_bSenate.
_bSelect Committee on Intelligence.
_tJoint inquiry into intelligence community activities before and after the terrorist attacks of September 11, 2001.
942 _2lcc
_cbk
999 _c51520
_d51520